| 000 | 00565nam a2200229 a 4500 | ||
|---|---|---|---|
| 001 | nice12345678 | ||
| 003 | IN_TiNIC | ||
| 005 | 20260116011824.0 | ||
| 008 | 070622s1966 hyda grp 000 0 urd | ||
| 020 |
_a _c100 |
||
| 082 | 0 | 0 |
_a340.59 _bHAM4 |
| 100 | _aHamidullah, | ||
| 245 | _aImam Abu Hanifa Ki Tadwin Qanun Isalmi | ||
| 260 |
_aHyderabad _bNo Publisher _c1966 |
||
| 300 | _a62p | ||
| 500 | _aincludes index and biblioraphy | ||
| 650 | _aIslamic-Law Hanafi History | ||
| 700 | 1 | _aHamidullah, | |
| 902 | _bSRS | ||
| 942 | _cBK | ||
| 999 |
_c4208 _d4208 |
||